Creation and blessing : (Record no. 9034)

MARC details
000 -LEADER
fixed length control field 00829cam a2200241Ia 4500
001 - CONTROL NUMBER
control field 36432841
003 - CONTROL NUMBER IDENTIFIER
control field OCoLC
005 - DATE AND TIME OF LATEST TRANSACTION
control field 20241126110703.0
008 - FIXED-LENGTH DATA ELEMENTS--GENERAL INFORMATION
fixed length control field 970224s1996 miu 000 0 eng d
020 ## - INTERNATIONAL STANDARD BOOK NUMBER
International Standard Book Number 0801021073
040 ## - CATALOGING SOURCE
Original cataloging agency DRU
Transcribing agency DRU
Modifying agency OCL
-- TMS
-- OCLCQ
-- ATH
082 ## - DEWEY DECIMAL CLASSIFICATION NUMBER
Classification number 222.11061
Item number ROS
090 ## - LOCALLY ASSIGNED LC-TYPE CALL NUMBER (OCLC); LOCAL CALL NUMBER (RLIN)
Classification number (OCLC) (R) ; Classification number, CALL (RLIN) (NR) BS1235
Local cutter number (OCLC) ; Book number/undivided call number, CALL (RLIN) .R73 1996
090 ## - LOCALLY ASSIGNED LC-TYPE CALL NUMBER (OCLC); LOCAL CALL NUMBER (RLIN)
Classification number (OCLC) (R) ; Classification number, CALL (RLIN) (NR) BS1235
Local cutter number (OCLC) ; Book number/undivided call number, CALL (RLIN) .R73 1996
100 1# - MAIN ENTRY--PERSONAL NAME
Personal name Ross, Allen P.
9 (RLIN) 15771
245 10 - TITLE STATEMENT
Title Creation and blessing :
Remainder of title a guide to the study and exposition of the book of Genesis /
Statement of responsibility, etc. Allen P. Ross.
260 ## - PUBLICATION, DISTRIBUTION, ETC.
Place of publication, distribution, etc. Grand Rapids, Mich. :
Name of publisher, distributor, etc. Baker Books,
Date of publication, distribution, etc. c1996.
300 ## - PHYSICAL DESCRIPTION
Extent 744 p. ;
Dimensions 24 cm.
500 ## - GENERAL NOTE
General note "First paperback edition published 1996"--T.p. verso.
504 ## - BIBLIOGRAPHY, ETC. NOTE
Bibliography, etc. note Includes bibliographical references (p. 741-744).
630 00 - SUBJECT ADDED ENTRY--UNIFORM TITLE
Uniform title Bible.
Name of part/section of a work Genesis
General subdivision Criticism, interpretation, etc.
9 (RLIN) 432
942 ## - ADDED ENTRY ELEMENTS (KOHA)
Source of classification or shelving scheme Dewey Decimal Classification
Koha item type Books
Koha issues (borrowed), all copies 5
Holdings
Withdrawn status Lost status Source of classification or shelving scheme Damaged status Not for loan Home library Current Library Shelving location Date acquired Total checkouts Full call number Barcode Date last seen Date last checked out Copy number Price effective from Koha item type
    Dewey Decimal Classification     GRACE BIBLE COLLEGE GRACE BIBLE COLLEGE Biblical Studies 2022-03-10 6 222.11061 ROS 015441 2025-12-10 2025-12-09 c.1 2022-03-10 Books
© Grace Bible College Library 2025